000
00244nam a2200097Ia 4500
001
1052138
005
20250827001240.0
008
250824s9999 xx 000 0 und d
245
0
_a
ÇEYİZİME BİR KEFEN
_c
ALİ EMRE
260
_b
KETEBE YAYINLARI
999
_c
1052138
_d
1052138